New grammar practice for pre-intermediate students

Đã lưu trong:
书目详细资料
主要作者: Elaine Walker
格式: 图书
语言:Undetermined
出版: London Longman 2000
主题:
标签: 添加标签
没有标签, 成为第一个标记此记录!
Thư viện lưu trữ: Trung tâm Học liệu Trường Đại học Cần Thơ
LEADER 00571nam a2200205Ia 4500
001 CTU_65767
008 210402s9999 xx 000 0 und d
020 |b 202000 
082 |a 425.076 
082 |b W178p 
100 |a Elaine Walker 
245 0 |a New grammar practice for pre-intermediate students 
245 0 |c Elaine Walker and Steve Elsworth 
260 |a London 
260 |b Longman 
260 |c 2000 
650 |a english language 
650 |x grammar,problems, exercises, etc. 
904 |i Minh 
980 |a Trung tâm Học liệu Trường Đại học Cần Thơ